Riconosci la Squadra di calcio - Quiz n°31 - Statistics

Statistiche generali
  • Questo quiz è stato fatto 32 volte
  • Il punteggio medio è 5 su 10
Statistiche sulle risposte
Indizio Risposta % Corretto
Colori sociali Bianco, blu
96%
Titoli nazionali 1 Campionato inglese di seconda divisione1 Third Division
76%
Divisione nazionale 2023-2024 Nona
68%
Trofei nazionali 2 Coppe d'Inghilterra
56%
Trofei internazionali 0
44%
Confederazione UEFA
36%
Capienza Stadio 11 840 posti
28%
Fondazione 1885
28%
Rifondazione 2023
24%
Squadra Bury
0%
Nessun quiz corrispondente trovato
Distribuzione punteggi
Percentuale di utenti per punteggio
Percentile per numero di risposta
I tuoi punteggi nel tempo
Non hai fatto questo quiz